| 000 | 00564nam a22002057a 4500 | ||
|---|---|---|---|
| 001 | 2464 | ||
| 003 | BD-DhBUF | ||
| 005 | 20250723123449.0 | ||
| 008 | 250723b bg ||||| |||| 00| 0 ben d | ||
| 020 | _a093924666x | ||
| 040 |
_aBD-DhBUF _cBD-DhBUF |
||
| 082 | _a657 | ||
| 100 |
_aC.J.McNair _93845 |
||
| 245 |
_aThe profit potential : _btaking high performance to the bottom line / |
||
| 260 |
_aVermont : _bAn Imprint of the oliver Wight , _cC 1994. |
||
| 300 |
_axix, 246p. : _c23cm. ; |
||
| 526 | _aBBA | ||
| 650 | _2Accounting and Finance | ||
| 942 |
_2ddc _cBK |
||
| 999 |
_c2464 _d2464 |
||